Normal view MARC view

Entry Personal Name

Number of records used in: 1

001 - CONTROL NUMBER

  • control field: 8195

003 - CONTROL NUMBER IDENTIFIER

  • control field: OSt

005 - DATE AND TIME OF LATEST TRANSACTION

  • control field: 20211028144411.0

008 - FIXED-LENGTH DATA ELEMENTS

  • fixed length control field: 211028|| aca||aabn | a|a d

040 ## - CATALOGING SOURCE

  • Original cataloging agency: OSt
  • Transcribing agency: OSt

100 ## - HEADING--PERSONAL NAME

  • Personal name: Pinto, Vishali Joylin; Wright, Rowena.
  • Miscellaneous information: 1716223

670 ## - SOURCE DATA FOUND

  • Source citation: Work cat.: (OSt): Pinto, Vishali Joylin; Wright, Rowena. 1716223, Impact of job enrichment on employee motivation with reference to Mangalore Refinery and Petrochemical Ltd. (MRPL) Mangalore., 2019